Czombos Tamás
Elmentve itt :
| Dokumentumtípus: | Cikk |
|---|---|
| Megjelent: |
1991-10-09
|
| Sorozat: | Délmagyarország
81 No. 237 |
| Kulcsszavak: | Czombos Tamás, tanácstagok |
| Online Access: | http://dmarchiv.bibl.u-szeged.hu/93064 |
| LEADER | 00398nab a2200145 i 4500 | ||
|---|---|---|---|
| 001 | delm93064 | ||
| 005 | 20190927125913.0 | ||
| 008 | 190927s1991 hu o 0|| hun d | ||
| 040 | |a SZTE Délmagyarország Archívum |b hun | ||
| 041 | |a hun | ||
| 245 | 0 | 0 | |a Czombos Tamás |h [elektronikus dokumentum] |
| 260 | |c 1991-10-09 | ||
| 300 | |a 3 | ||
| 490 | 0 | |a Délmagyarország |v 81 No. 237 | |
| 695 | |a Czombos Tamás, tanácstagok | ||